000 01075cam a22003134a 4500
999 _c57454
_d57454
001 16722365
005 20200623133757.0
008 110405s2012 maua 000 0 eng
010 _a 2011010635
020 _a9780123814791
020 _a9789380931913
040 _aDLC
_cDLC
_dDLC
042 _apcc
050 0 0 _aQA76.9.D343
_bH36 2012
080 _a004.65+681 H-22
082 0 0 _a006.3/12
_222
100 1 _aHan, Jiawei.
_98704
245 1 0 _aData mining :
_bconcepts and techniques /
_cJiawei Han, Micheline Kamber, Jian Pei.
250 _a3rd ed.
260 _aBurlington, MA :
_bElsevier,
_cc2012.
300 _axxxv, 703 p. :
_bill. ;
_c25 cm.
650 0 _aData mining.
_98705
653 _aკომპიუტერული ტექნოლოგიები
700 1 _aKamber, Micheline.
_eავტორი
_98706
700 1 _aPei, Jian
_eავტორი
_98707
906 _a7
_bcbc
_corignew
_d1
_eecip
_f20
_gy-gencatlg
942 _2udc
_cBK
955 _bxh00 2011-04-05
_ixh07 2011-04-05 to Dewey
_axe10 2011-08-02 2 copies rec'd., to CIP ver.